000 00664nam a2200289Ia 4500
005 20260324132223.0
008 008 260324s9999 xx 000 0 eng d
020 _a9781315018454
037 _aEBOOK
040 _aCRL
040 _beng
040 _cCRL
041 _2eng
041 _aeng
084 _qCRL
100 _aFrank Kermode
_91121430
245 0 _aShakespeare, Spenser, Donne
245 0 _bRenaissance Essays
260 _bTaylor and Francis
260 _c2005
365 _a
365 _b510
856 _uhttp://www.taylorfrancis.com/books/9781315018454
942 _cEBOOK
999 _c1786383
_d1786383